Environmental Management in Organizations : the IEMA Handbook /

Enregistré dans:
Détails bibliographiques
Auteurs principaux: Brady, John (Auteur), Ebbage, Alison (Auteur), Lunn, Ruth (Auteur)
Format: Livre
Langue:anglais
Publié: Oxford Earthscan 2011
Édition:2nd Ed.
Sujets:
Tags: Ajouter un tag
Pas de tags, Soyez le premier à ajouter un tag!

MARC

LEADER 00000nam a22000003a 4500
001 0030859
003 SK-STU
005 20180201102522.8
007 ta
008 180201s ----xo-----e------000-0-----d
020 |a 978-1-849-71062-6 
040 |a STU  |b slo 
041 0 |a eng 
044 |a xxk 
100 1 |a Brady, John  |4 aut 
245 1 0 |a Environmental Management in Organizations :  |b the IEMA Handbook /  |c aut. John Brady, Alison Ebbage, Ruth Lunn 
250 |a 2nd Ed. 
260 |a Oxford  |b Earthscan  |c 2011 
300 |a 572 s. 
650 0 7 |a environmentálny manažment 
700 1 |a Ebbage, Alison  |4 aut 
700 1 |a Lunn, Ruth  |4 aut 
996 |b 284M087613  |c M* 14095-1  |l MMKN  |s A  |a 24  |w 0030859_0001